00673cam a22002177a 4500003000500000005001700005008004100022010001000063011001000073035001000083040000900093110006000102245007000162260005600232300003600288490002800324500002600352650002100378650002800399830002800427CHAP20220329134351.0971013s1978 r 00010 d a19421 a20393 a24481 cCHAP2 aThe American Phytophatological Society. St. Paul, Minn.10aSyllabus for insect transmission of plant pathogens (Diapositiva) a(s.l.) :bAmerican Phytophatological Society,c1978 a39 diapositivas col. 2 x 2 plg. 0aDisease of plantsv; 21 aNota explicativa 5 p.14aFitopatología.14aInsectos como vectores.0 aDisease of plantsv; 21